| 000 | 00681nam a22002057a 4500 | ||
|---|---|---|---|
| 003 | OSt | ||
| 005 | 20250620030006.0 | ||
| 008 | 250620b |||||||| |||| 00| 0 eng d | ||
| 020 | _a978-621-478-043-3 | ||
| 040 |
_aDWCL-Main Lib _cOC |
||
| 082 | _aFil. 004 M298l 2024 | ||
| 100 | _aMarabe, Nathaniel James A. | ||
| 245 |
_aLiving in the IT era/ _cNathaniel James A. Marabe |
||
| 260 |
_aManila, Philippines: _bEDRIC Publishing House, _cc2024. |
||
| 300 |
_a104 pages: _billustrations; _c25cm. |
||
| 504 | _aIncludes bibliographical references. | ||
| 650 | _a1. Information technology. | ||
| 650 | _a2. Technological innovation -- Social Aspects | ||
| 942 |
_2ddc _cBK - FIL _kFil. _n0 |
||
| 999 |
_c3194 _d3194 |
||